Návrh optimalizácie plánovania, sledovania a vyhodnocovania nákladov na opravy v informačnom systéme spoločnosti  JAVYS a.s bakalárska práca

Saved in:
Bibliographic Details
Main Author: Junasová, Patrícia
Corporate Author: Fakulta hospodárskej informatiky EU. Katedra aplikovanej informatiky
Other Authors: Horniaková, Veronika, 1990-
Format: Book
Language:Slovak
Published: Bratislava 2022
Tags: Add Tag
No Tags, Be the first to tag this record!

MARC

LEADER 00000nbm a2200000 4500
001 0286070
005 20221213112528.4
041 0 |a slo 
044 |a SK 
245 1 0 |a Návrh optimalizácie plánovania, sledovania a vyhodnocovania nákladov na opravy v informačnom systéme spoločnosti  JAVYS a.s  |b bakalárska práca  |c Patrícia Junasová ; školiteľ: Veronika Horniaková 
264 1 |a Bratislava  |c 2022 
300 |a 46 s. 
100 1 |a Junasová, Patrícia 
700 1 |a Horniaková, Veronika, 1990- 
710 2 |a Fakulta hospodárskej informatiky EU. Katedra aplikovanej informatiky